[Event "4NCL Division 3 North"]
[Site "Wakefield, ENG"]
[Date "2017.03.18"]
[Round "7.91"]
[White "Turner, John M"]
[Black "Procter, Colin S"]
[Result "1-0"]
[WhiteElo "2008"]
[BlackElo "1804"]
[PlyCount "95"]
[EventDate "2017.03.18"]
[WhiteTeam "Holmes Chapel"]
[BlackTeam "Bradford DCA Knights C"]

1. e4 e6 2. d4 d5 3. Nd2 a6 4. Bd3 c5 5. dxc5 Bxc5 6. Ngf3 Nc6 7. c3 Nf6 8. Qe2
Ng4 9. O-O Nge5 10. Bc2 d4 11. cxd4 Nxd4 12. Nxd4 Bxd4 13. Nb3 Ba7 14. Be3 Bxe3
15. Qxe3 Qf6 16. f4 Nc6 17. e5 Qe7 18. Rad1 O-O 19. Rd6 f6 20. Rfd1 fxe5 21.
fxe5 Nb4 22. Bxh7+ Kxh7 23. Qe4+ Rf5 24. Qxb4 Rxe5 25. Qc3 Rd5 26. R6xd5 exd5
27. Qd3+ g6 28. Qxd5 Bg4 29. Rf1 Bf5 30. Nd4 Qe3+ 31. Kh1 Rf8 32. Qxb7+ Kh6 33.
Nf3 Be4 34. Qb3 Qe2 35. Kg1 Bc2 36. Qc3 Rd8 37. Nd4 Rxd4 38. Qxd4 Bd3 39. Qf4+
g5 40. Qf6+ Bg6 41. Qf2 Qc4 42. h4 Qxa2 43. hxg5+ Kxg5 44. Qf4+ Kh5 45. g4+ Kh4
46. Qh6+ Kg3 47. Qh2+ Kxg4 48. Rf4+ 1-0

[Event "4NCL Division 3 North"]
[Site "Wakefield, ENG"]
[Date "2017.03.18"]
[Round "7.92"]
[White "Clarke, Paul Rh"]
[Black "Doran, Chris"]
[Result "0-1"]
[WhiteElo "1763"]
[BlackElo "1969"]
[PlyCount "74"]
[EventDate "2017.03.18"]
[WhiteTeam "Bradford DCA Knights C"]
[BlackTeam "Holmes Chapel"]

1. d4 Nf6 2. Nf3 g6 3. Bf4 Bg7 4. e3 d6 5. h3 O-O 6. Be2 c5 7. c3 b6 8. O-O Bb7
9. Nbd2 Nbd7 10. a4 a6 11. Re1 Nh5 12. Bh2 e5 13. dxe5 dxe5 14. Nc4 e4 15. Nfe5
Nxe5 16. Nxe5 Qg5 17. Bxh5 Bxe5 18. Bxe5 Qxe5 19. Be2 Bd5 20. Qc1 a5 21. Bb5
Bb3 22. Re2 Rfd8 23. Rd2 Qf6 24. Rxd8+ Rxd8 25. Be2 Qd6 26. Qf1 Qd2 27. Bc4
Bxc4 28. Qxc4 Qxb2 29. Rf1 Rd2 30. Qxe4 Qxc3 31. Rb1 Qf6 32. Rf1 Qd6 33. Qb1 c4
34. g3 c3 35. Kg2 c2 36. Qb2 Qc6+ 37. Kg1 Rd1 0-1

[Event "4NCL Division 3 North"]
[Site "Wakefield, ENG"]
[Date "2017.03.18"]
[Round "7.93"]
[White "Bennett, Patrick"]
[Black "Mahoney, Nicholas"]
[Result "1/2-1/2"]
[WhiteElo "2015"]
[BlackElo "1716"]
[PlyCount "58"]
[EventDate "2017.03.18"]
[WhiteTeam "Holmes Chapel"]
[BlackTeam "Bradford DCA Knights C"]

1. Nf3 Nc6 2. g3 e5 3. d3 d5 4. Bg2 Be7 5. c4 d4 6. O-O Nf6 7. Nbd2 O-O 8. a3
a5 9. b3 Be6 10. Rb1 Nd7 11. Ne1 f5 12. Nc2 Nb6 13. Bb2 Qd7 14. Nf3 Bf6 15. Qd2
h6 16. Rfe1 Rad8 17. Rbd1 Rfe8 18. e3 Bf7 19. exd4 exd4 20. h4 Bh5 21. Rb1
Rxe1+ 22. Rxe1 Bxf3 23. Bxf3 Ne5 24. Bg2 a4 25. Bxd4 Nexc4 26. dxc4 axb3 27.
Qc3 Bxd4 28. Nxd4 Qxd4 29. Qxb3 Qxc4 1/2-1/2

[Event "4NCL Division 3 North"]
[Site "Wakefield, ENG"]
[Date "2017.03.18"]
[Round "7.94"]
[White "Braham, Peter"]
[Black "Laurence, Geoff"]
[Result "0-1"]
[WhiteElo "1715"]
[BlackElo "1921"]
[PlyCount "76"]
[EventDate "2017.03.18"]
[WhiteTeam "Bradford DCA Knights C"]
[BlackTeam "Holmes Chapel"]

1. e4 Nc6 2. Nf3 Nf6 3. e5 Ng4 4. d4 d6 5. exd6 Qxd6 6. h3 Nf6 7. Bc4 Bf5 8.
O-O O-O-O 9. Be3 e6 10. Na3 a6 11. c3 h6 12. b4 g5 13. Ne5 Nxe5 14. dxe5 Qxd1
15. Raxd1 Nd5 16. Bd4 Be7 17. Bd3 Nxc3 18. Bxc3 Rxd3 19. Rc1 b5 20. Nb1 Rhd8
21. f3 h5 22. g4 Bg6 23. Kg2 Kb7 24. a3 R8d5 25. Rf2 c5 26. Rd2 c4 27. Rxd3
Rxd3 28. Nd2 h4 29. a4 Kc6 30. a5 Kd5 31. Nf1 Rxc3 32. Rxc3 Bxb4 33. Rc1 Kxe5
34. Kf2 Bd3 35. Ke3 Bxa5 36. Ra1 Bb6+ 37. Kd2 a5 38. Ne3 Kf4 0-1

[Event "4NCL Division 3 North"]
[Site "Wakefield, ENG"]
[Date "2017.03.18"]
[Round "7.95"]
[White "Scattergood, Ben"]
[Black "Hubbort, Daniel"]
[Result "1-0"]
[WhiteElo "1815"]
[BlackElo "1682"]
[PlyCount "45"]
[EventDate "2017.03.18"]
[WhiteTeam "Holmes Chapel"]
[BlackTeam "Bradford DCA Knights C"]

1. e4 e5 2. Nf3 Nf6 3. Nc3 Nc6 4. Bc4 d6 5. Ng5 Be6 6. Bxe6 fxe6 7. Nxe6 Qd7 8.
Nd5 Nxd5 9. exd5 Nb4 10. f4 Nxd5 11. f5 Nf6 12. d4 c6 13. O-O e4 14. c4 d5 15.
c5 b6 16. Bf4 Rc8 17. cxb6 axb6 18. Qb3 c5 19. Qxb6 cxd4 20. Rac1 Be7 21. Rxc8+
Qxc8 22. Rc1 Qa8 23. Nc7+ 1-0

[Event "4NCL Division 3 North"]
[Site "Wakefield, ENG"]
[Date "2017.03.18"]
[Round "7.96"]
[White "Brooke, John"]
[Black "Roberts, Malcolm A"]
[Result "0-1"]
[WhiteElo "1629"]
[BlackElo "1644"]
[PlyCount "114"]
[EventDate "2017.03.18"]
[WhiteTeam "Bradford DCA Knights C"]
[BlackTeam "Holmes Chapel"]

1. d4 d5 2. c4 c6 3. e3 Nf6 4. Nc3 e6 5. Nf3 Be7 6. Qc2 Nbd7 7. g4 h6 8. Rg1
Nh7 9. Bd2 Ng5 10. Nxg5 hxg5 11. h3 dxc4 12. Bxc4 Rxh3 13. O-O-O Nf8 14. Rh1
Rh4 15. Rdg1 b5 16. Bd3 Bb7 17. Be4 Rc8 18. Kb1 Qd7 19. Rxh4 gxh4 20. Qd3 g5
21. f4 a5 22. Ne2 b4 23. Bf3 c5 24. Bxb7 Qxb7 25. e4 c4 26. Qe3 c3 27. Bc1 cxb2
28. Bxb2 a4 29. Rc1 Rxc1+ 30. Nxc1 a3 31. Ba1 Qc6 32. Nb3 h3 33. d5 exd5 34.
Nd4 Qc4 35. Qxh3 dxe4 36. Qe3 Qd3+ 37. Qxd3 exd3 38. f5 Bf6 39. Nf3 Bxa1 40.
Kxa1 f6 41. Kb1 Nd7 42. Kc1 Ne5 43. Nd4 Kd7 44. Kd2 Kd6 45. Ke3 Kd5 46. Nb3
Nxg4+ 47. Kxd3 Nh6 48. Nd2 Nxf5 49. Ne4 Ke5 50. Nc5 g4 51. Nd7+ Ke6 52. Nc5+
Kd5 53. Ne4 g3 54. Nxf6+ Ke5 55. Ng4+ Kf4 56. Nf6 g2 57. Nh5+ Kg5 0-1